|
|
|
|
| LEADER |
00000nam0a2200000 4500 |
| 001 |
21014 |
| 005 |
20231101205409.0 |
| 010 |
|
|
|a 5090041652
|
| 035 |
|
|
|a (RuTPU)RU\TPU\book\21209
|
| 035 |
|
|
|a BOOK00005902
|
| 090 |
|
|
|a 21014
|
| 100 |
|
|
|a 20011209d1992 k y0rusy50 ca
|
| 101 |
1 |
|
|a rus
|c ger
|
| 102 |
|
|
|a RU
|
| 105 |
|
|
|a y z 000zy
|
| 200 |
1 |
|
|a Избранные произведения
|f А. Шопенгауэр
|
| 210 |
|
|
|a Москва
|c Просвещение
|d 1992
|
| 215 |
|
|
|a 477 с.
|
| 606 |
1 |
|
|a Классическая немецкая философия
|2 stltpush
|3 (RuTPU)RU\TPU\subj\14477
|9 40858
|
| 610 |
1 |
|
|a философия
|
| 610 |
1 |
|
|a немецкая философия
|
| 610 |
1 |
|
|a 18 век
|
| 610 |
1 |
|
|a 19 век
|
| 610 |
1 |
|
|a история
|
| 610 |
1 |
|
|a этика
|
| 610 |
1 |
|
|a пессимизм
|
| 610 |
1 |
|
|a эстетика
|
| 610 |
1 |
|
|a афоризмы
|
| 686 |
|
|
|a Ю3(4Г)5-573
|v LBC/SL-A
|2 rubbk
|
| 700 |
|
1 |
|a Шопенгауэр
|b А.
|c немецкий философ
|f 1788-1860
|g Артур
|2 stltpush
|3 (RuTPU)RU\TPU\pers\470
|9 227
|
| 801 |
|
0 |
|a RU
|b 63413507
|c 20011209
|g PSBO
|
| 801 |
|
2 |
|a RU
|b 63413507
|c 20141128
|g PSBO
|
| 942 |
|
|
|c BK
|